Normal view MARC view
  • MS-Innovative Technologies in Learning (MS-ITL)

Entry Topical Term

Number of records used in: 3

001 - CONTROL NUMBER

  • control field: 125917

003 - CONTROL NUMBER IDENTIFIER

  • control field: NUST

005 - DATE AND TIME OF LATEST TRANSACTION

  • control field: 20240920103208.0

008 - FIXED-LENGTH DATA ELEMENTS

  • fixed length control field: 240920|| aca||aabn | a|a d

040 ## - CATALOGING SOURCE

  • Original cataloging agency: NUST
  • Transcribing agency: NUST

150 ## - HEADING--TOPICAL TERM

  • Topical term or geographic name entry element: MS-Innovative Technologies in Learning (MS-ITL)

670 ## - SOURCE DATA FOUND

  • Source citation: Work cat.: (NUST): Pervaiz, Iqra 125916, Designing and Evaluating a Personalized Learning Path Recommendation System in a Formal E-Learning Setting/
© 2023 Central Library, National University of Sciences and Technology. All Rights Reserved.